TV Debuts: 1993 Quiz Stats

Quiz Updated Oct 19, 2017

Also try: TV Debuts: 1994
Challenge
Share
Tweet
Score 0/15 Timer 05:00
9 Plays Today
TV Show % Correct
Mighty Morphin Power Rangers
93.9%
Beavis & Butt-head
92.6%
The X-Files
91.7%
Frasier
89.5%
Walker, Texas Ranger
86.2%
The Nanny
83.1%
Saved by the Bell: The College Years
81.2%
Boy Meets World
77.2%
TV Show % Correct
The Late Show with David Letterman
76.5%
NYPD Blue
72.4%
Animaniacs
68.1%
Dr Quinn, Medicine Woman
67.7%
Lois & Clark
66.8%
Star Trek: Deep Space Nine
45.3%
The Adventures of Pete & Pete
27.1%

You're not logged in!

Compare scores with friends on all Sporcle quizzes.
Sign Up with Email
OR
Log In

You Might Also Like...

Show Comments

Extras

Top Quizzes Today


Score Distribution

Your Account Isn't Verified!

In order to create a playlist on Sporcle, you need to verify the email address you used during registration. Go to your Sporcle Settings to finish the process.

Report this User

Report this user for behavior that violates our Community Guidelines.

Details: